| 000 | 00805cam a2200253u 4500 | ||
|---|---|---|---|
| 999 |
_c20471 _d20471 |
||
| 001 | 6070526 | ||
| 003 | BDDh-ASL | ||
| 005 | 20231015025907.0 | ||
| 008 | 801220s1954 pk 000 0 eng | ||
| 010 | _aa 58004778 | ||
| 040 |
_aDLC _cCarP _dDLC _dBDDh-ASL |
||
| 050 | 0 | 0 |
_aBP160 _b.S7 1954 |
| 082 |
_a297.09 _bSTA |
||
| 100 | 1 |
_aStubbe, Henry, _d1632-1676, _esupposed author. |
|
| 245 | 1 | 3 | _aAn account of the rise and progress of Mahometanism / |
| 260 |
_aLahore: _bOrientalia, _c1954. |
||
| 300 |
_a262 p.: _c21 cm. |
||
| 504 | _aInclude Bibliographical References and Index | ||
| 600 | 0 | 0 |
_aMuḼammad, _cProphet, _d-632. |
| 650 | 0 |
_aIslam _xHistory. |
|
| 700 | 1 |
_aShairani, Hafiz Mahmud Khan, [from old catalog] _eed. |
|
| 906 |
_a0 _bcbc _cpremunv _du _encip _f19 _gy-gencatlg |
||
| 942 |
_2ddc _cBK |
||